|
|
|
|
| LEADER |
01298cas a22003011a 4500 |
| 001 |
c000265276 |
| 003 |
CARM |
| 005 |
20070725130344.0 |
| 008 |
770311c19669999nyuuu b 0 a0eng d |
| 019 |
1 |
|
|a 936377
|5 LACONCORD2021
|
| 035 |
|
|
|a (OCoLC)9722238
|5 LACONCORD2021
|
| 040 |
|
|
|a WAU
|b eng
|c WAU
|d VDU
|
| 245 |
0 |
0 |
|a Resource letters.
|
| 260 |
|
|
|a [New York, :
|b American Institute of Physics].
|
| 300 |
|
|
|a v. ;
|c 27 cm.
|
| 362 |
0 |
|
|a Book 1- 1961/66-
|
| 500 |
|
|
|a Cover title.
|
| 500 |
|
|
|a "Selected reprints; a project of AAPT Committee on Resource Letters, 1965."
|
| 650 |
|
0 |
|a Physics
|x Bibliography.
|
| 650 |
|
0 |
|a Physics
|x Study and teaching.
|
| 710 |
2 |
|
|a American Institute of Physics.
|
| 760 |
0 |
|
|a American Association of Physics Teachers. Committee on Resource Letters.
|t Selected reprints
|
| 810 |
2 |
|
|a American Association of Physics Teachers.
|b Committee on Resource Letters.
|t Selected reprints
|
| 852 |
8 |
|
|b CARM
|h A1:AO18C0
|i F02492
|p 0382757
|f SE
|
| 866 |
|
0 |
|a 1(1961:10/1966:02)-2(1966:09/1968:09)
|
| 866 |
|
0 |
|a 1(1961:10/1966:02)-2(1966:09/1968:09)
|
| 999 |
f |
f |
|i 22a0a922-b957-5ca8-a5c6-1485b71d1686
|s aba9a451-e00b-57e4-9517-5daf665e3e61
|
| 952 |
f |
f |
|p Can circulate
|a CAVAL
|b CAVAL
|c CAVAL
|d CARM 1 Store
|e F02492
|f A1:AO18C0
|h Other scheme
|i book
|k 1(1961:10/1966:02)-2(1966:09/1968:09)
|m 0382757
|